| 000 | 00435nmm a2200157Ia 4500 | ||
|---|---|---|---|
| 008 | 251105s9999||||xx |||||||||||||||||und|| | ||
| 041 | _aspa | ||
| 100 | _aHill, Gerry | ||
| 245 | 0 | _aUna noche de verano | |
| 264 |
_a[Madrid, España] : _bEditorial Egales, _c2019 |
||
| 300 | _a284 páginas | ||
| 490 | _aNarrativa | ||
| 650 | _aNorth American narrative | ||
| 856 | _uhttps://public.digitaliapublishing.com/a/158159 | ||
| 942 | _cCF | ||
| 999 |
_c100225 _d100225 |
||